000 00822nam a22002175i 4500
001 168899
003 ES-MaACL
005 20230906213925.0
008 080623q1853 fr |||| | fre d
080 _a782.089.6
100 1 _aPoise, Ferdinand.
_9138028
245 1 0 _aBonsoir voisin [
_hMúsica impresa]
_b: opéra comique en un acte /
_cpoëme de Brunswick et Arthrur de Beauplan ; par Ferdinand Poise.
260 _a[Paris] :
_bO. Legouix,
_c[ca. 1853]
300 _a1 partitura vocal (87p.) ;
_c28 cm.
650 4 _aÓperas-
_xPartituras vocales.
_9137997
700 1 _aBrunswick, Léon-Lévy.
_9138030
700 1 _aBeauplan, Arthur de.
_9138027
852 4 _aES-MaACL
_jL-29307(2)
_z- Colección facticia de 3 óperas
_z- Biblioteca Jacinto Martínez Lacalle
942 _2udc
999 _c168899
_d168899